| 000 | 00775nam a2200253Ia 4500 | ||
|---|---|---|---|
| 005 | 20220316235450.0 | ||
| 008 | 121119s2003 ag a gr 000 0 spa | ||
| 020 | _a9500200368 | ||
| 041 | 0 | _aspa | |
| 082 | 0 | 4 |
_aR 611.018 _bD32A |
| 100 | 1 | _aDi Fiore, Mariano S. H. | |
| 245 | 1 | 0 |
_aAtlas de histología normal _cMariano Di Fiore |
| 250 | _aPrimera edición | ||
| 300 |
_a229 páginas _b114 ilustraciones _c26 cm |
||
| 650 | 1 | 4 |
_aCélulas _vAtlas _2LEMB |
| 650 | 1 | 4 |
_aHistología _vAtlas _2LEMB |
| 650 | 1 | 4 |
_aFisica biologica _vAtlas _2LEMB |
| 942 |
_2ddc _cBK |
||
| 264 |
_aBuenos Aires _bEl Ateneo _c2003 |
||
| 336 |
_atexto _btxt _2rdacontent |
||
| 337 |
_asin mediación _bn _2rdamedia |
||
| 338 |
_avolumen _bnc _2rdacarrier |
||
| 040 |
_aCO-BoRNBP _bspa _erda _cCO-BoRNBP |
||
| 999 |
_c1043 _d1043 |
||